Advanced analysis : on the real line
Αποθηκεύτηκε σε:
| Κύριος συγγραφέας: | |
|---|---|
| Άλλοι συγγραφείς: | |
| Μορφή: | Βιβλίο |
| Γλώσσα: | English |
| Δημοσίευση: |
New York :
Springer,
1996
|
| Σειρά: | Universitext
|
| Θέματα: | |
| Ετικέτες: |
Προσθήκη ετικέτας
Δεν υπάρχουν, Καταχωρήστε ετικέτα πρώτοι!
|
MARC
| LEADER | 00000nam a2200000 i 4500 | ||
|---|---|---|---|
| 001 | 1/71001 | ||
| 008 | 990301s1996 eng d | ||
| 020 | |a 0-387-94642X | ||
| 035 | |l 10048231 | ||
| 040 | |a GR-MY-UA |b gre |e aacr | ||
| 041 | 0 | |a eng | |
| 082 | 0 | |a 515.8 | |
| 100 | 1 | |a Kannan, Rangachary. | |
| 245 | 1 | 0 | |a Advanced analysis : |b on the real line / |c R. Kannan, Carole King Krueger |
| 260 | |a New York : |b Springer, |c 1996 | ||
| 300 | |a ix, 259 p.; |c 24 cm. | ||
| 490 | 1 | |a Universitext | |
| 500 | |a Includes bibliographical references and index | ||
| 650 | 0 | 0 | |a Mathematical analysis. |
| 650 | 0 | 0 | |a Functions of real variables. |
| 700 | 1 | |a Krueger, Carole King. | |
| 830 | 0 | |a Universitext | |
| 852 | |a INST |b SAMOS |e 19990301 |h 515.8 KAN |p 005300013286 |q 005300013286 |t BK |y 0 | ||
| 901 | |a BIBL-1999-1 | ||
| 909 | |a Σ |b 063047 | ||
| 922 | |a 3ΕΛΗ |b 199901 |c ΕΠΕΑΕΚ/ΜΑΘ |d GLORY | ||